000 00706nam a2200217Ii 4500
003 JO-AjNU
008 230605s9999||||xx |||||||||||||| ||und||
020 _a9960-804-36-4
040 _aJO-AjNU
_bara
_erda
_cJO-AjNU
041 _aara
050 1 4 _aBP136.33.T3388 1996
100 3 _aبقلم الطحان، محمود,
_eauthor
_919918
245 0 0 _aأصول التخريج ودراسة الأسانيد
250 _aط3
264 3 1 _aالرياض: مكتبة المعارف، 1996
300 _a220ص
336 _atext
_btxt
_2rdacontent
337 _aunmediated
_bn
_2rdamedia
338 _avolume
_bnc
_2rdacarrier
650 4 _aالحديث - اسناد - الحديث - مستخرجات
_919919
999 _aA6659
_c10227
_d10227